000 00266nam a2200121Ia 4500
008 190216s9999||||xx |||||||||||||| ||und||
100 _aVrnkatesan K
245 0 _aStatistics
260 _bOrient Longman
_c1960
300 _a594p
650 _aCommerce
942 _cBK
999 _c37164
_d37164